[Event "Youth Classic 2019 - Juniors Open U18"]
[Site "Bad Soden, Hasselgrundhalle"]
[Date "2019.10.03"]
[Round "1.1"]
[White "Köpke, Carolina"]
[Black "Köllner, Ruben Gideon"]
[Result "0-1"]
[WhiteElo "1453"]
[BlackElo "2254"]
[PlyCount "58"]
[EventDate "2019.??.??"]
[WhiteTeam "SV Oberursel"]
[BlackTeam "SF Deizisau"]

1. d4 d5 2. Bf4 c5 3. e3 Nc6 4. c3 Qb6 5. Qb3 c4 6. Qc2 e5 7. dxe5 Bf5 8. Qc1
f6 9. exf6 Nxf6 10. Nd2 O-O-O 11. Ngf3 h6 12. Be2 g5 13. Be5 Be7 14. Nd4 Nxe5
15. Nxf5 Bc5 16. Nf3 Nxf3+ 17. Bxf3 g4 18. Bd1 Qe6 19. Nd4 Qe4 20. f3 Qe5 21.
Kf2 gxf3 22. Bxf3 h5 23. h3 Rhg8 24. Rg1 Ne4+ 25. Ke2 Rde8 26. Bxe4 Qxe4 27. g3
Qd3+ 28. Kf2 Rgf8+ 29. Kg2 Qe4+ 0-1

[Event "Youth Classic 2019 - Juniors Open U18"]
[Site "Bad Soden, Hasselgrundhalle"]
[Date "2019.10.03"]
[Round "1.2"]
[White "Hoffmann, Jens"]
[Black "Roden, Philipp"]
[Result "1-0"]
[WhiteElo "2113"]
[BlackElo "1295"]
[PlyCount "47"]
[EventDate "2019.??.??"]
[WhiteTeam "SF HN-Biberach"]
[BlackTeam "SC ML Kastellaun"]

1. e4 c5 2. Nf3 Nc6 3. d4 cxd4 4. Nxd4 g6 5. c4 Bg7 6. Be3 Nf6 7. Nc3 O-O 8.
Be2 b6 9. O-O e6 10. Qd2 Bb7 11. Ndb5 Qe7 12. Nd6 Ne8 13. Ncb5 a6 14. Nxe8 axb5
15. Nxg7 bxc4 16. Bh6 Rfc8 17. Rfd1 Ne5 18. f4 Nd3 19. Bxd3 cxd3 20. Qxd3 Qc5+
21. Qd4 Bxe4 22. Qxc5 Rxc5 23. Rac1 Rh5 24. Nxh5 1-0

[Event "Youth Classic 2019 - Juniors Open U18"]
[Site "Bad Soden, Hasselgrundhalle"]
[Date "2019.10.03"]
[Round "1.3"]
[White "Pfaff, Pawel"]
[Black "Köllner, Aaron Noah"]
[Result "0-1"]
[WhiteElo "1265"]
[BlackElo "2087"]
[PlyCount "74"]
[EventDate "2019.??.??"]
[WhiteTeam "SC Bad Soden"]
[BlackTeam "SV Bergneustadt/Derschlag"]

1. e4 c5 2. d3 e6 3. Nf3 Nc6 4. Nc3 a6 5. a3 Qc7 6. Be3 Nf6 7. Qd2 Be7 8. Be2
b6 9. O-O Bb7 10. d4 cxd4 11. Nxd4 Rc8 12. Bf3 Ne5 13. Bf4 Nxf3+ 14. Nxf3 d6
15. e5 dxe5 16. Bxe5 Qc6 17. Bxf6 Bxf6 18. Rac1 O-O 19. Qe3 h6 20. h3 b5 21.
Rfd1 Bg5 22. Qe1 Bxc1 23. Rxc1 Rfd8 24. Rd1 a5 25. Rxd8+ Rxd8 26. Qf1 b4 27.
axb4 axb4 28. Ne2 Qxc2 29. Ned4 Qxb2 30. Qb5 Bxf3 31. Nxf3 Qc1+ 32. Kh2 Qf4+
33. Kh1 Rd1+ 34. Ng1 Qxf2 35. Kh2 Qxg1+ 36. Kg3 Qe3+ 37. Kh2 Qf4+ 0-1

[Event "Youth Classic 2019 - Juniors Open U18"]
[Site "Bad Soden, Hasselgrundhalle"]
[Date "2019.10.03"]
[Round "1.4"]
[White "Vakulenko, Oleksandr"]
[Black "Sander, Jannik"]
[Result "1-0"]
[WhiteElo "2167"]
[BlackElo "1233"]
[PlyCount "55"]
[EventDate "2019.??.??"]
[WhiteTeam "Gambit Kiew"]
[BlackTeam "SK Gernsheim"]

1. d4 Nf6 2. c4 c5 3. d5 b5 4. cxb5 a6 5. bxa6 Bxa6 6. Nc3 g6 7. Nf3 Bg7 8. g3
d6 9. Bg2 Nbd7 10. Rb1 Qa5 11. Bd2 O-O 12. O-O Rfb8 13. b3 Ne8 14. Na4 Qb5 15.
Re1 Qb7 16. Qc2 Nc7 17. Nc3 Bxc3 18. Bxc3 Ra7 19. e4 e5 20. dxe6 fxe6 21. Rbd1
Qb6 22. Qd2 d5 23. exd5 exd5 24. Re7 Nf6 25. Qh6 Nce8 26. Bxf6 Rxe7 27. Bxe7
Nf6 28. Ng5 1-0

[Event "Youth Classic 2019 - Juniors Open U18"]
[Site "Bad Soden, Hasselgrundhalle"]
[Date "2019.10.03"]
[Round "1.5"]
[White "Sauer, Philipp"]
[Black "Iliev, Mustafa Batuhan"]
[Result "0-1"]
[WhiteElo "1166"]
[BlackElo "2017"]
[PlyCount "58"]
[EventDate "2019.??.??"]
[WhiteTeam "Post  Schw. Hall"]
[BlackTeam "SV Großauheim"]

1. e4 c5 2. Nf3 e6 3. Nc3 d6 4. Be2 Nc6 5. d4 cxd4 6. Nxd4 Nf6 7. O-O Be7 8.
Nxc6 bxc6 9. f4 Qc7 10. Be3 O-O 11. Qd3 Rd8 12. Rad1 Bb7 13. f5 e5 14. Qc4 Rd7
15. b4 Qd8 16. a4 d5 17. exd5 cxd5 18. Qb3 d4 19. Bc4 dxc3 20. Bxf7+ Kh8 21.
Rxd7 Qxd7 22. Be6 Qc6 23. Rf2 Ng4 24. Bd5 Qxd5 25. Qxd5 Bxd5 26. Re2 Bc4 27.
Re1 Bxb4 28. Bg5 Bc5+ 29. Kh1 Nf2+ 0-1

[Event "Youth Classic 2019 - Juniors Open U18"]
[Site "Bad Soden, Hasselgrundhalle"]
[Date "2019.10.03"]
[Round "1.7"]
[White "Schmetkamp, Ian"]
[Black "Geltz, Noah"]
[Result "0-1"]
[WhiteElo "1129"]
[BlackElo "2054"]
[PlyCount "74"]
[EventDate "2019.??.??"]
[WhiteTeam "Post  Schw. Hall"]
[BlackTeam "SF HN-Biberach"]

1. e4 c5 2. Nf3 a6 3. d3 Nc6 4. Be2 d6 5. O-O g6 6. Nbd2 Bg7 7. c3 e5 8. Re1
Nge7 9. Nb3 b5 10. d4 c4 11. d5 cxb3 12. dxc6 bxa2 13. Rxa2 Be6 14. b3 O-O 15.
Ba3 Nxc6 16. Bxd6 Bxb3 17. Qxb3 Qxd6 18. Rd1 Qc7 19. Rc2 Rfd8 20. Rcc1 Rxd1+
21. Rxd1 Rc8 22. Ng5 h6 23. Ne6 Qe7 24. Nxg7 Kxg7 25. Bg4 Rc7 26. Qd5 Na5 27.
Qa2 Nc4 28. Qxa6 Qg5 29. h3 h5 30. Be2 Nb2 31. Qb6 Rxc3 32. Rb1 Nc4 33. Bxc4
bxc4 34. Qb2 Rb3 35. Qc2 Rxb1+ 36. Qxb1 c3 37. Qc2 Qd2 0-1

[Event "Youth Classic 2019 - Juniors Open U18"]
[Site "Bad Soden, Hasselgrundhalle"]
[Date "2019.10.03"]
[Round "1.8"]
[White "Meinecke, Florian"]
[Black "Jung, Natalie"]
[Result "1-0"]
[WhiteElo "1987"]
[BlackElo "1119"]
[PlyCount "63"]
[EventDate "2019.??.??"]
[WhiteTeam "SV Turm Sankt Augustin"]
[BlackTeam "SK Ettlingen"]

1. d4 d5 2. Bf4 Bf5 3. e3 Nf6 4. c4 e6 5. Nc3 c5 6. dxc5 Bxc5 7. Qb3 Qd7 8.
cxd5 Nxd5 9. Bxb8 Rxb8 10. Bb5 Nb6 11. Bxd7+ Nxd7 12. Rd1 b6 13. Nf3 Nf6 14.
Qa4+ b5 15. Qf4 O-O 16. O-O h6 17. e4 Bg4 18. e5 Bxf3 19. Qxf3 Nh7 20. Ne4 Be7
21. Rd7 Ng5 22. Nxg5 Bxg5 23. Qd3 Rfd8 24. Rd1 Rxd7 25. Qxd7 a6 26. g3 f6 27.
Qxe6+ Kh8 28. f4 Bxf4 29. gxf4 fxe5 30. Qxe5 Rc8 31. Rd7 Rg8 32. f5 1-0

[Event "Youth Classic 2019 - Juniors Open U18"]
[Site "Bad Soden, Hasselgrundhalle"]
[Date "2019.10.03"]
[Round "1.9"]
[White "Klein, Dennis"]
[Black "Lehmann, Tim"]
[Result "0-1"]
[WhiteElo "1119"]
[BlackElo "1955"]
[PlyCount "58"]
[EventDate "2019.??.??"]
[WhiteTeam "Post  Schw. Hall"]
[BlackTeam "SV Lahn Limburg"]

1. e4 c5 2. Nf3 d6 3. Bc4 Nf6 4. Nc3 e6 5. d4 cxd4 6. Nxd4 a6 7. O-O b5 8. Bb3
b4 9. Nce2 Nxe4 10. Qd3 Nc5 11. Qf3 Bb7 12. Ba4+ Nbd7 13. Bxd7+ Qxd7 14. Qe3
Be7 15. Nb3 Qc6 16. f3 Nxb3 17. Qxb3 a5 18. Nd4 Qd7 19. c3 bxc3 20. Qxc3 O-O
21. b3 Bf6 22. Qd2 e5 23. Ne2 e4 24. fxe4 Bxa1 25. Bb2 Bxb2 26. Qxb2 Bxe4 27.
Ng3 Bg6 28. b4 axb4 29. Qxb4 Rxa2 0-1

[Event "Youth Classic 2019 - Juniors Open U18"]
[Site "Bad Soden, Hasselgrundhalle"]
[Date "2019.10.03"]
[Round "1.10"]
[White "Stobbe, Frederik"]
[Black "Hoang, Jan"]
[Result "1-0"]
[WhiteElo "1849"]
[BlackElo "1097"]
[PlyCount "92"]
[EventDate "2019.??.??"]
[WhiteTeam "SC Bad Soden"]
[BlackTeam "Post  Schw. Hall"]

1. e4 e5 2. Bc4 Nf6 3. d3 Nc6 4. Nc3 Bb4 5. Nge2 O-O 6. O-O d6 7. Bg5 h6 8. Bh4
a6 9. Nd5 g5 10. Bg3 Be6 11. Ne3 Ne7 12. c3 Ba5 13. Qb3 Bxc4 14. Qxc4 Bb6 15.
Qb3 Rb8 16. Qc2 Re8 17. Kh1 c6 18. d4 Ng6 19. f3 Nf4 20. Bxf4 exf4 21. Nf5 h5
22. h4 Bc7 23. hxg5 Nh7 24. Nxf4 Qxg5 25. Nh3 Qg6 26. Qf2 Kh8 27. Qh4 Rg8 28.
Nf4 Qf6 29. Qxf6+ Nxf6 30. g3 Rbe8 31. Rf2 Rg5 32. Nh3 Rgg8 33. Rh2 d5 34. e5
Nh7 35. Nf4 f6 36. Nxh5 Rg6 37. Nxf6 Rxf6 38. exf6 Rf8 39. Re1 Kg8 40. Re7 Rxf6
41. Rhxh7 Rxf5 42. Reg7+ Kf8 43. Rxc7 Kg8 44. Rhd7 Rxf3 45. Rc8+ Rf8 46. Rxf8+
Kxf8 1-0

[Event "Youth Classic 2019 - Juniors Open U18"]
[Site "Bad Soden, Hasselgrundhalle"]
[Date "2019.10.03"]
[Round "1.11"]
[White "Koch, Laura"]
[Black "Wu, Sifan"]
[Result "0-1"]
[WhiteElo "1020"]
[BlackElo "1574"]
[PlyCount "64"]
[EventDate "2019.??.??"]
[WhiteTeam "SV Frankfurt Nord"]
[BlackTeam "SV Oberursel"]

1. e4 e5 2. Nf3 Nc6 3. d4 exd4 4. Nxd4 Bc5 5. Be3 Qf6 6. c3 Nge7 7. b4 Bb6 8.
Bc4 Ne5 9. Bb3 O-O 10. O-O c6 11. c4 d6 12. a3 Ng4 13. Nc3 Nxe3 14. fxe3 Qh6
15. Qd3 Ng6 16. Nf5 Bxf5 17. exf5 Bxe3+ 18. Kh1 Ne5 19. Qxd6 Qxd6 20. Rad1 Qh6
21. Rfe1 Bf4 22. h3 Ng4 23. Rd4 Nf2+ 24. Kg1 Be3 25. Nd1 Nxd1+ 26. Kf1 Bxd4 27.
Rxd1 Qe3 28. Rxd4 Qxd4 29. Bc2 Rfe8 30. g4 Qd2 31. Be4 Rxe4 32. Kg1 Re1# 0-1

[Event "Youth Classic 2019 - Juniors Open U18"]
[Site "Bad Soden, Hasselgrundhalle"]
[Date "2019.10.03"]
[Round "1.12"]
[White "Englert, Georg"]
[Black "Mehl, Florian"]
[Result "1-0"]
[WhiteElo "1249"]
[BlackElo "983"]
[PlyCount "81"]
[EventDate "2019.??.??"]
[WhiteTeam "SC ML Kastellaun"]
[BlackTeam "Post  Schw. Hall"]

1. e4 c5 2. Nf3 Nc6 3. Nc3 d6 4. Be2 g6 5. d4 Bg7 6. dxc5 dxc5 7. Qxd8+ Nxd8 8.
Be3 b6 9. Bb5+ Bd7 10. Bxd7+ Kxd7 11. O-O-O+ Ke8 12. Nb5 Ne6 13. Ng5 Kf8 14.
Nxe6+ fxe6 15. Nc7 Rc8 16. Nxe6+ Kf7 17. Nxg7 Kxg7 18. Bd2 Nf6 19. Bc3 Rhf8 20.
Rd7 Kf7 21. Bxf6 Kxf6 22. Rxa7 Ra8 23. Rxa8 Rxa8 24. a3 Ke5 25. f3 Kf4 26. Rd1
e5 27. Rd3 c4 28. g3+ Kg5 29. Rd5 Re8 30. Kd2 h5 31. Ke3 Kf6 32. Rd6+ Kg5 33.
Rxb6 Rc8 34. Rb5 Kf6 35. a4 Ra8 36. a5 Ke6 37. Kd2 Kd6 38. Kc3 Rc8 39. Rb6+ Kc5
40. Rxg6 Kb5 41. Rg5 1-0

[Event "Youth Classic 2019 - Juniors Open U18"]
[Site "Bad Soden, Hasselgrundhalle"]
[Date "2019.10.04"]
[Round "2.1"]
[White "Köllner, Ruben Gideon"]
[Black "Meinecke, Florian"]
[Result "1-0"]
[WhiteElo "2254"]
[BlackElo "1987"]
[PlyCount "75"]
[EventDate "2019.??.??"]
[WhiteTeam "SF Deizisau"]
[BlackTeam "SV Turm Sankt Augustin"]

1. d4 d5 2. Bf4 c6 3. e3 Bf5 4. c4 e6 5. Qb3 Qc8 6. Nc3 Nf6 7. h3 Ne4 8. Nf3
Nd7 9. Rc1 Nxc3 10. bxc3 Be7 11. Be2 O-O 12. O-O Nb6 13. c5 Nd7 14. c4 Be4 15.
cxd5 exd5 16. Nd2 Bg6 17. Qb2 b5 18. a4 a6 19. Ra1 Qb7 20. Ra3 Rfc8 21. Rfa1
Bd8 22. R1a2 Nf6 23. axb5 cxb5 24. Nb3 Bc7 25. Bxc7 Rxc7 26. Qa1 h6 27. Rxa6
Rxa6 28. Rxa6 Bc2 29. Rb6 Qc8 30. Rxb5 Qf5 31. Qb2 Ra7 32. Nc1 Ne4 33. f3 Qg5
34. Rb8+ Kh7 35. Qxc2 Qxe3+ 36. Kh1 Ra1 37. Rb1 Qf2 38. fxe4 1-0

[Event "Youth Classic 2019 - Juniors Open U18"]
[Site "Bad Soden, Hasselgrundhalle"]
[Date "2019.10.04"]
[Round "2.2"]
[White "Geltz, Noah"]
[Black "Hoffmann, Jens"]
[Result "1/2-1/2"]
[WhiteElo "2054"]
[BlackElo "2113"]
[PlyCount "69"]
[EventDate "2019.??.??"]
[WhiteTeam "SF HN-Biberach"]
[BlackTeam "SF HN-Biberach"]

1. d4 Nf6 2. c4 g6 3. Nf3 Bg7 4. Nc3 d5 5. cxd5 Nxd5 6. e4 Nxc3 7. bxc3 c5 8.
Rb1 O-O 9. Be2 cxd4 10. cxd4 Qa5+ 11. Qd2 Qxd2+ 12. Bxd2 b6 13. O-O Bb7 14. d5
Ba6 15. Bxa6 Nxa6 16. Bg5 Rfe8 17. Rfd1 Nc5 18. Rb4 Rac8 19. Be3 Red8 20. e5 f6
21. exf6 Bxf6 22. Rf4 Rd6 23. h4 Rcd8 24. Bxc5 bxc5 25. Ra4 R8d7 26. Ra5 Rc7
27. Rb5 e6 28. Rb8+ Kg7 29. Re1 exd5 30. Ree8 d4 31. g4 d3 32. Rg8+ Kf7 33. g5
Bg7 34. Rbe8 d2 35. Ne5+ 1/2-1/2

[Event "Youth Classic 2019 - Juniors Open U18"]
[Site "Bad Soden, Hasselgrundhalle"]
[Date "2019.10.04"]
[Round "2.3"]
[White "Köllner, Aaron Noah"]
[Black "Stobbe, Frederik"]
[Result "1-0"]
[WhiteElo "2087"]
[BlackElo "1849"]
[PlyCount "77"]
[EventDate "2019.??.??"]
[WhiteTeam "SV Bergneustadt/Derschlag"]
[BlackTeam "SC Bad Soden"]

1. d4 e6 2. Nf3 Nf6 3. Bg5 h6 4. Bf4 d6 5. Nbd2 g5 6. Bg3 Nh5 7. e4 Bg7 8. c3
Nd7 9. Bc4 a6 10. a4 b6 11. O-O Bb7 12. Qe2 Qe7 13. b4 Nxg3 14. hxg3 h5 15.
Rfe1 g4 16. Nh2 Qg5 17. Rad1 Rg8 18. Ba2 Bh6 19. e5 d5 20. c4 Nf8 21. Ndf1 Qg7
22. cxd5 exd5 23. b5 Ne6 24. a5 axb5 25. Qxb5+ Kd8 26. axb6 Rxa2 27. bxc7+ Kxc7
28. Ne3 Bxe3 29. Rxe3 Rc2 30. Qa5+ Kd7 31. Qa4+ Rc6 32. Qb5 Ba8 33. Qxd5+ Ke7
34. Ra3 Nc7 35. Ra7 Rd8 36. Qa5 Rd7 37. d5 Kd8 38. Rxa8+ Ke7 39. Qa3+ 1-0

[Event "Youth Classic 2019 - Juniors Open U18"]
[Site "Bad Soden, Hasselgrundhalle"]
[Date "2019.10.04"]
[Round "2.4"]
[White "Lehmann, Tim"]
[Black "Vakulenko, Oleksandr"]
[Result "0-1"]
[WhiteElo "1955"]
[BlackElo "2167"]
[PlyCount "130"]
[EventDate "2019.??.??"]
[WhiteTeam "SV Lahn Limburg"]
[BlackTeam "Gambit Kiew"]

1. d4 f5 2. Bg5 g6 3. e3 Bg7 4. h4 d6 5. Nc3 h6 6. Bf4 Nf6 7. Bc4 e6 8. Qf3 O-O
9. Nge2 Qe7 10. O-O-O Nbd7 11. Bh2 Kh7 12. Nf4 d5 13. Bd3 Qf7 14. h5 gxh5 15.
Nxe6 Rg8 16. Qxf5+ Kh8 17. Nf4 Nf8 18. Ng6+ Nxg6 19. Qxg6 Qxg6 20. Bxg6 c6 21.
Be5 Ng4 22. Bg3 Bf6 23. Bxh5 Nxe3 24. fxe3 Rxg3 25. Bf3 Rg6 26. Ne2 Bg5 27. Nf4
Rf6 28. g3 Bf5 29. Kd2 Re8 30. c3 Be4 31. Bxe4 Rxe4 32. Rh2 Rf7 33. Rdh1 Kg7
34. b4 Rfe7 35. Re2 b5 36. a4 a6 37. axb5 axb5 38. Ra1 Rc7 39. Ra6 Kf7 40. Re1
Ke7 41. Ra8 Kd6 42. Rf1 Rce7 43. Rf3 Rf7 44. Kd3 Rfe7 45. Rf8 Kc7 46. Ra8 Kd6
47. Ra2 Re8 48. Rc2 Rf8 49. Rcf2 Rfe8 50. Ra2 R8e7 51. Ra6 Re8 52. Ra7 Rf8 53.
Ke2 Rfe8 54. Kf2 Rf8 55. Ng2 Rxf3+ 56. Kxf3 Re8 57. Nf4 Re4 58. g4 Re8 59. Rg7
Rf8 60. Rg6+ Kd7 61. Kg3 Re8 62. Rg7+ Kd6 63. Ra7 Rxe3+ 64. Kf2 Bxf4 65. Rf7
Bg5 0-1

[Event "Youth Classic 2019 - Juniors Open U18"]
[Site "Bad Soden, Hasselgrundhalle"]
[Date "2019.10.04"]
[Round "2.5"]
[White "Iliev, Mustafa Batuhan"]
[Black "Englert, Georg"]
[Result "1-0"]
[WhiteElo "2017"]
[BlackElo "1249"]
[PlyCount "43"]
[EventDate "2019.??.??"]
[WhiteTeam "SV Großauheim"]
[BlackTeam "SC ML Kastellaun"]

1. e4 e5 2. Nf3 Nc6 3. Bc4 Bc5 4. c3 d6 5. d4 exd4 6. cxd4 Bb6 7. h3 h6 8. O-O
Nf6 9. Nc3 O-O 10. Re1 Na5 11. Bd3 c5 12. d5 Re8 13. Bf4 Nd7 14. Bxd6 c4 15.
Bc2 Bc5 16. Bg3 a6 17. e5 b5 18. e6 fxe6 19. Bg6 Rf8 20. dxe6 Nf6 21. Qxd8 Rxd8
22. Bc7 1-0

[Event "Youth Classic 2019 - Juniors Open U18"]
[Site "Bad Soden, Hasselgrundhalle"]
[Date "2019.10.04"]
[Round "2.6"]
[White "Wagner, Valerian"]
[Black "Papadopoulos, Ioannis"]
[Result "0-1"]
[WhiteElo "751"]
[BlackElo "1944"]
[PlyCount "100"]
[EventDate "2019.??.??"]
[WhiteTeam "SC Bad Soden"]
[BlackTeam "SV Oberursel"]

1. e4 c5 2. Nc3 Nc6 3. Bc4 e6 4. Nf3 g6 5. d3 Bg7 6. Bg5 Nge7 7. O-O d6 8. Qd2
O-O 9. Bh6 d5 10. exd5 exd5 11. Bb5 Bg4 12. Bxg7 Kxg7 13. Ng5 h6 14. Bxc6 Nxc6
15. Nh3 Bxh3 16. gxh3 Nd4 17. Qf4 Nxc2 18. Rac1 Nd4 19. Rce1 Qd7 20. Re5 Rae8
21. Rxd5 Qxd5 22. Nxd5 Ne2+ 23. Kg2 Nxf4+ 24. Nxf4 Rd8 25. Rc1 b6 26. Rc4 g5
27. Nh5+ Kg6 28. Ng3 Rxd3 29. b3 Rd4 30. Rc1 Rd2 31. a3 f5 32. Nf1 Rb2 33. b4
cxb4 34. axb4 Rxb4 35. Ne3 Rb5 36. Rc6+ Rf6 37. Rc7 a5 38. Nc4 Rc5 39. Rxc5
bxc5 40. Ne5+ Kg7 41. Nd7 a4 42. Nxc5 a3 43. Nb3 Rb6 44. Na1 Rb1 45. Nc2 a2 46.
Kg3 Rc1 47. Nd4 a1=Q 48. Nb3 Qc3+ 49. f3 Rg1+ 50. Kf2 Qe1# 0-1

[Event "Youth Classic 2019 - Juniors Open U18"]
[Site "Bad Soden, Hasselgrundhalle"]
[Date "2019.10.04"]
[Round "2.7"]
[White "Wu, Sifan"]
[Black "Köpke, Carolina"]
[Result "1/2-1/2"]
[WhiteElo "1574"]
[BlackElo "1453"]
[PlyCount "115"]
[EventDate "2019.??.??"]
[WhiteTeam "SV Oberursel"]
[BlackTeam "SV Oberursel"]

1. e4 e5 2. Nf3 Nc6 3. Bb5 f5 4. d3 fxe4 5. dxe4 Nf6 6. O-O Bc5 7. Bg5 d6 8.
Nc3 Be6 9. Nd5 Bd7 10. Nxf6+ gxf6 11. Bh4 Qe7 12. c3 O-O-O 13. b4 Bb6 14. a4 a6
15. Be2 Rdg8 16. a5 Ba7 17. b5 axb5 18. Bxb5 Nd8 19. Bxd7+ Kxd7 20. Qa4+ Nc6
21. Rfb1 Qg7 22. Bg3 Rb8 23. Ne1 Ke7 24. Rxb7 Rxb7 25. Qxc6 Rhb8 26. a6 Rb6 27.
Qxc7+ Kf8 28. Qc4 Qf7 29. Qd3 Rc8 30. Qf3 Qg6 31. h3 Rbc6 32. Ra3 Rc4 33. Qd3
Ke7 34. Kh2 Qxe4 35. Qxe4 Rxe4 36. Nc2 Re2 37. Nb4 Bc5 38. a7 Ra8 39. Nd5+ Kd8
40. Ra6 Rxa7 41. Rxa7 Bxa7 42. Nxf6 Bxf2 43. Bxf2 Rxf2 44. Ne4 Rc2 45. Nxd6
Rxc3 46. Nf7+ Ke7 47. Nxe5 Ke6 48. Nf3 Kf5 49. Nd4+ Ke4 50. Ne6 Kf5 51. Nd4+
Kg5 52. Kg1 Rd3 53. Nf3+ Kf4 54. Kh2 Rxf3 55. gxf3 Kxf3 56. h4 Kg4 57. Kh1 Kxh4
58. Kh2 1/2-1/2

[Event "Youth Classic 2019 - Juniors Open U18"]
[Site "Bad Soden, Hasselgrundhalle"]
[Date "2019.10.04"]
[Round "2.8"]
[White "Roden, Philipp"]
[Black "Schmetkamp, Ian"]
[Result "0-1"]
[WhiteElo "1295"]
[BlackElo "1129"]
[PlyCount "47"]
[EventDate "2019.??.??"]
[WhiteTeam "SC ML Kastellaun"]
[BlackTeam "Post  Schw. Hall"]

1. d4 d5 2. c4 dxc4 3. Nf3 e6 4. Nc3 Nf6 5. Bg5 Nbd7 6. e3 Bb4 7. Bxc4 b6 8. a3
Bxc3+ 9. bxc3 O-O 10. O-O h6 11. Bh4 Bb7 12. Qe2 Qe8 13. Bb5 c6 14. Ba4 Rc8 15.
Rfc1 b5 16. Bb3 c5 17. Qxb5 Bxf3 18. gxf3 Rb8 19. Qc4 cxd4 20. cxd4 Rc8 21. Qa6
Rxc1+ 22. Rxc1 Nb8 23. Bxf6 Nxa6 24. Be5 0-1

[Event "Youth Classic 2019 - Juniors Open U18"]
[Site "Bad Soden, Hasselgrundhalle"]
[Date "2019.10.04"]
[Round "2.9"]
[White "Jung, Natalie"]
[Black "Pfaff, Pawel"]
[Result "1/2-1/2"]
[WhiteElo "1119"]
[BlackElo "1265"]
[PlyCount "96"]
[EventDate "2019.??.??"]
[WhiteTeam "SK Ettlingen"]
[BlackTeam "SC Bad Soden"]

1. d4 d5 2. c4 e6 3. e3 Nf6 4. Nf3 c5 5. dxc5 Bxc5 6. Nc3 Bb4 7. Bd2 dxc4 8.
Bxc4 O-O 9. O-O Qc7 10. Qb3 Bxc3 11. Bxc3 Nbd7 12. Rac1 Qd8 13. Rfd1 Qe8 14.
Bb4 h6 15. Bxf8 Qxf8 16. Be2 Nb6 17. Ne5 Bd7 18. Nxd7 Nbxd7 19. Qxb7 Qb8 20.
Rxd7 Nxd7 21. Qxd7 Qxb2 22. Qd1 Qxa2 23. Qc2 Qa5 24. h3 Rb8 25. Qc7 Qb4 26.
Qxa7 Rf8 27. Qc5 Qd2 28. Qc2 Qd8 29. Rd1 Qa5 30. Qd2 Qc7 31. Qd6 Qa5 32. g3 Qf5
33. Kg2 g5 34. g4 Qf6 35. Qd4 Qe7 36. Qe4 Qf6 37. Bd3 Qg7 38. Ra1 f5 39. Qa4
fxg4 40. hxg4 Qf6 41. Rf1 h5 42. Qd7 Rf7 43. Qe8+ Kg7 44. gxh5 Qf3+ 45. Kg1
Qg4+ 46. Kh2 Qxh5+ 47. Kg1 Qg4+ 48. Kh2 Qh4+ 1/2-1/2

[Event "Youth Classic 2019 - Juniors Open U18"]
[Site "Bad Soden, Hasselgrundhalle"]
[Date "2019.10.04"]
[Round "2.10"]
[White "Sander, Jannik"]
[Black "Klein, Dennis"]
[Result "1-0"]
[WhiteElo "1233"]
[BlackElo "1119"]
[PlyCount "99"]
[EventDate "2019.??.??"]
[WhiteTeam "SK Gernsheim"]
[BlackTeam "Post  Schw. Hall"]

1. e4 e5 2. Nf3 Nc6 3. d4 exd4 4. Nxd4 Bc5 5. Be3 Qf6 6. c3 Nge7 7. Bc4 d6 8.
O-O Be6 9. Nxe6 fxe6 10. Bxc5 dxc5 11. Qh5+ Ng6 12. Qxc5 O-O-O 13. a4 a5 14.
Na3 Nge5 15. b4 Nxc4 16. Nxc4 axb4 17. cxb4 Qe7 18. Qxe7 Nxe7 19. Rfd1 Rxd1+
20. Rxd1 Rd8 21. Rxd8+ Kxd8 22. b5 Kd7 23. f4 g6 24. Kf2 c6 25. g4 h6 26. h4
cxb5 27. axb5 Ng8 28. Ne5+ Kd6 29. Nxg6 Kc5 30. f5 exf5 31. exf5 Nf6 32. Kf3
Kxb5 33. g5 hxg5 34. hxg5 Nh5 35. f6 Nxf6 36. gxf6 Kc5 37. f7 b5 38. f8=Q+ Kc4
39. Ne5+ Kd5 40. Nd3 Kc4 41. Qb4+ Kxd3 42. Qxb5+ Kd4 43. Qf5 Kc4 44. Qe5 Kd3
45. Qd5+ Kc3 46. Ke3 Kb4 47. Kd3 Ka3 48. Qb5 Ka2 49. Kc2 Ka3 50. Qb3# 1-0

[Event "Youth Classic 2019 - Juniors Open U18"]
[Site "Bad Soden, Hasselgrundhalle"]
[Date "2019.10.04"]
[Round "2.11"]
[White "Hoang, Jan"]
[Black "Sauer, Philipp"]
[Result "1-0"]
[WhiteElo "1097"]
[BlackElo "1166"]
[PlyCount "33"]
[EventDate "2019.??.??"]
[WhiteTeam "Post  Schw. Hall"]
[BlackTeam "Post  Schw. Hall"]

1. c4 e5 2. Nc3 Nc6 3. g3 Nf6 4. Bg2 Bc5 5. a3 Ng4 6. e3 Qf6 7. Qxg4 d6 8. Qf3
Qg6 9. b4 Bxb4 10. axb4 Nxb4 11. Qd1 Bf5 12. Qa4+ Nc6 13. Bxc6+ bxc6 14. Qxc6+
Ke7 15. Nd5+ Ke6 16. Nxc7+ Kf6 17. Qxd6+ 1-0

[Event "Youth Classic 2019 - Juniors Open U18"]
[Site "Bad Soden, Hasselgrundhalle"]
[Date "2019.10.04"]
[Round "2.12"]
[White "Murmann, Jonas"]
[Black "Koch, Laura"]
[Result "1-0"]
[WhiteElo "1394"]
[BlackElo "1020"]
[PlyCount "123"]
[EventDate "2019.??.??"]
[WhiteTeam "SC ML Kastellaun"]
[BlackTeam "SV Frankfurt Nord"]

1. c4 e5 2. g3 f6 3. Bg2 Nc6 4. Nc3 Bc5 5. e3 d6 6. Nge2 Be6 7. b3 Qd7 8. d4
Bb4 9. d5 Bh3 10. dxc6 bxc6 11. O-O Bxg2 12. Kxg2 c5 13. f4 O-O-O 14. Rb1 Ne7
15. a3 Ba5 16. b4 cxb4 17. axb4 Bb6 18. fxe5 Qc6+ 19. Nd5 Rhe8 20. exf6 gxf6
21. Qd3 f5 22. Nd4 Bxd4 23. exd4 Nxd5 24. Qxf5+ Rd7 25. Qxd5 Qxd5+ 26. cxd5 Re4
27. Rf8+ Kb7 28. Bb2 Re2+ 29. Rf2 Re3 30. Rc1 h5 31. h4 Rb3 32. Bc3 Re7 33. Rf3
Re2+ 34. Rf2 Re3 35. Rfc2 Re4 36. Kf3 Rxd4 37. Ke2 Rxd5 38. Ke3 Re5+ 39. Kf4
Re6 40. g4 hxg4 41. Kxg4 Ra3 42. Bb2 Rae3 43. Rxc7+ Ka6 44. R1c4 d5 45. R4c6+
Rxc6 46. Rxc6+ Kb5 47. Rd6 Re4+ 48. Kg5 Re5+ 49. Bxe5 Kxb4 50. Rxd5 a5 51. Rxa5
Kxa5 52. h5 Kb4 53. h6 Kc4 54. h7 Kd3 55. h8=Q Kd2 56. Qh3 Ke2 57. Kf4 Kd2 58.
Qc3+ Ke2 59. Qe3+ Kd1 60. Qf2 Kc1 61. Qe2 Kb1 62. Qb2# 1-0

[Event "Youth Classic 2019 - Juniors Open U18"]
[Site "Bad Soden, Hasselgrundhalle"]
[Date "2019.10.04"]
[Round "3.1"]
[White "Vakulenko, Oleksandr"]
[Black "Köllner, Ruben Gideon"]
[Result "0-1"]
[WhiteElo "2167"]
[BlackElo "2254"]
[PlyCount "82"]
[EventDate "2019.??.??"]
[WhiteTeam "Gambit Kiew"]
[BlackTeam "SF Deizisau"]

1. d4 d6 2. c4 e5 3. Nc3 exd4 4. Qxd4 Nc6 5. Qd2 g6 6. b3 Bh6 7. e3 Nf6 8. Bb2
Bg7 9. g3 O-O 10. Bg2 Bd7 11. Nge2 Rb8 12. O-O Re8 13. Nf4 Ne5 14. Nfd5 Nxd5
15. cxd5 Qf6 16. f4 Ng4 17. Rfe1 Rxe3 18. Nd1 Rxe1+ 19. Qxe1 Qxb2 20. Nxb2 Bd4+
21. Kf1 Nxh2+ 22. Ke2 Re8+ 23. Kd2 Rxe1 24. Rxe1 Bxb2 25. Re7 Bb5 26. Rxc7 Nf1+
27. Bxf1 Bxf1 28. Rxb7 Bd4 29. b4 Bc4 30. a4 Bxd5 31. Rd7 Bf2 32. Rxd6 Bb3 33.
Ra6 h5 34. b5 Bxg3 35. Ke2 h4 36. Kf3 Bd5+ 37. Kg4 Bf2 38. Kh3 Be6+ 39. Kg2 Bc5
40. a5 Bc8 41. Rf6 Kg7 0-1